000 nam a22 a 4500
999 _c431978
_d431978
003 BLK
005 20210915163756.0
008 190212b bu ||||| |||| 00| 0 bu d
040 _aBLK
041 _aBUL
_cBUL
080 _aСредновековна и нова обща история
_b94
_z94
139 _aЧетиво по средна история
245 _aЧетиво по средна история
_bКн. 1 -
_cсъстав. неколцина рус. преподаватели ; под ред. на П. Г. Виноградов ; понаши Н. А. Начов
_nКн. 1.
_p1897
260 _9209596
_aПловдив
_bХристо Г. Данов
_c1897
300 _c23 см
380 _a9
490 _9435080
_aКолекция Редки и ценни издания
650 0 _9241743
_aЕвропа - история, средни векове
700 _9871
_aВиноградов, Павел Гаврилович
_eпод ред. на
700 1 _9100955
_aНачов, Начо Анастасов
760 _dПловдив, 1897
_hXXIII, 454 с.
_oКн. 1
_t1897
852 _aРб 897
_bРц
942 _cKNG
_n0
_s1
944 _kВК
_c2021-09-15
999 _d328925
999 _d328925